000 00205nam a2200097Ia 4500
008 190216s9999||||xx |||||||||||||| ||und||
100 _aNull
245 0 _aNot In The Register
260 _bNull
942 _cBK
999 _c25202
_d25202